<?xml version="1.0" encoding="UTF-8"?>
<collection xmlns="http://www.loc.gov/MARC21/slim">
 <record>
  <leader>01229nam a22002057a 4500</leader>
  <controlfield tag="001">NCT_89542</controlfield>
  <controlfield tag="008">210417b        xxu||||| |||| 00| 0 vie d</controlfield>
  <datafield tag="999" ind1=" " ind2=" ">
   <subfield code="c">4415</subfield>
   <subfield code="d">4415</subfield>
  </datafield>
  <datafield tag="020" ind1=" " ind2=" ">
   <subfield code="a">9786049192777</subfield>
   <subfield code="c">66500</subfield>
  </datafield>
  <datafield tag="082" ind1="0" ind2="4">
   <subfield code="2">23rd ed.</subfield>
   <subfield code="a">005.74</subfield>
   <subfield code="b">D304</subfield>
  </datafield>
  <datafield tag="100" ind1="1" ind2=" ">
   <subfield code="a">Phạm Thị Ngọc Diễm</subfield>
   <subfield code="e">Chủ biên</subfield>
  </datafield>
  <datafield tag="245" ind1="1" ind2="0">
   <subfield code="a">Giáo trình hệ cơ sở dữ liệu đa phương tiện</subfield>
   <subfield code="c">Phạm Thị Ngọc Diễm (Chủ biên); Lê Đức Thắng</subfield>
  </datafield>
  <datafield tag="260" ind1=" " ind2=" ">
   <subfield code="a">Cần Thơ</subfield>
   <subfield code="b">Nxb. Đại học Cần Thơ</subfield>
   <subfield code="c">2015</subfield>
  </datafield>
  <datafield tag="300" ind1=" " ind2=" ">
   <subfield code="a">170 tr.</subfield>
   <subfield code="b">Minh họa </subfield>
   <subfield code="c">24cm</subfield>
  </datafield>
  <datafield tag="520" ind1="3" ind2=" ">
   <subfield code="a">Nội dung sách trình bày các khái niệm cơ bản về đa phương tiện; cấu trúc dữ liệu đa chiều; cơ sở dữ liệu ảnh; cơ sở dữ liệu văn bản; cơ sở dữ liệu âm thanh và video; kiến trúc cơ sở dữ liệu đa phương tiện.</subfield>
  </datafield>
  <datafield tag="653" ind1=" " ind2=" ">
   <subfield code="a">Công nghệ thông tin</subfield>
  </datafield>
  <datafield tag="700" ind1="1" ind2=" ">
   <subfield code="a">Lê Đức Thắng</subfield>
  </datafield>
  <datafield tag="942" ind1=" " ind2=" ">
   <subfield code="2">ddc</subfield>
   <subfield code="c">BK</subfield>
  </datafield>
  <datafield tag="952" ind1=" " ind2=" ">
   <subfield code="0">0</subfield>
   <subfield code="1">0</subfield>
   <subfield code="2">ddc</subfield>
   <subfield code="4">0</subfield>
   <subfield code="6">005_740000000000000_D304</subfield>
   <subfield code="7">0</subfield>
   <subfield code="9">21199</subfield>
   <subfield code="a">000001</subfield>
   <subfield code="b">000001</subfield>
   <subfield code="d">2021-04-17</subfield>
   <subfield code="o">005.74 D304</subfield>
   <subfield code="p">MD.18480</subfield>
   <subfield code="r">2021-04-17</subfield>
   <subfield code="v">66500.00</subfield>
   <subfield code="w">2021-04-17</subfield>
   <subfield code="y">BK</subfield>
  </datafield>
  <datafield tag="980" ind1=" " ind2=" ">
   <subfield code="a">Thư viện Trường Đại học Nam Cần Thơ</subfield>
  </datafield>
 </record>
</collection>
